| 000 | 00435nam a22001457a 4500 | ||
|---|---|---|---|
| 005 | 20240430170801.0 | ||
| 008 | 240430b ||||| |||| 00| 0 eng d | ||
| 040 | _cAL | ||
| 041 | _aEnglish | ||
| 082 |
_223 _a658.83 _bMARK |
||
| 100 |
_aAshiq Pai _9162760 |
||
| 245 | _aMarket Analysis of Distribution Network and Merchandising Stratigies of Hindustan Lever Limited | ||
| 650 |
_aProject Report 1999-2000 _9162761 |
||
| 942 |
_2ddc _cPRO |
||
| 999 |
_c230773 _d230773 |
||